Marvel Charachters A-Z - Statistics

General Stats
  • This quiz has been taken 61 times
  • The average score is 17 of 26
Answer Stats
Picture Answer % Correct
Falcon
96%
Wolverine
93%
Rocket Raccoon
91%
Ultron
91%
Odin
87%
Elektra
83%
Sandman
83%
Zeus
83%
Quicksilver
81%
Abomination
78%
Gambit
78%
Vulture
76%
Yellowjacket
74%
Dormammu
69%
J. Jonah Jameson
67%
Nightcrawler
67%
X-23
67%
Taskmaster
61%
Iceman
48%
Man-Thing
48%
Banshee
43%
Laufey
37%
Havok
31%
Phastos
28%
Kaecilius
26%
Caliban
19%
No matching quizzes found
Score Distribution
Percent of People with Each Score
Percentile by Number Answered
Your Score History
You have not taken this quiz